000 00279nam a22001217a 4500
082 _a823
_bGRA/W
100 _aGRANT JOHN
245 _aWINGS OF DOOM
_bMASTERS OF THE UNIVERSE
260 _aLONDON
_bLADY BIRD
300 _a43
650 _aENGLISH SHORT STORY
_zENGLAND
942 _cBK
999 _c2391
_d2391